[Event "Sinnai Cup 15th"]
[Site "Sinnai"]
[Date "2012.11.24"]
[Round "4"]
[White "Onnis, Luca"]
[Black "Arrigo, Andrea"]
[Result "0-1"]
[WhiteElo "1653"]
[BlackElo "1546"]
[PlyCount "108"]
[EventDate "2012.11.17"]
[EventType "swiss"]
[EventRounds "6"]
[EventCountry "ITA"]
[SourceTitle "EXT 2024"]
[Source "ChessBase"]
[SourceDate "2023.10.10"]
[SourceVersion "1"]
[SourceVersionDate "2023.10.10"]
[SourceQuality "1"]

1. e4 c5 2. Nf3 d6 3. g3 Nc6 4. Bg2 Nf6 5. d3 g6 6. 0-0 Bg7 7. Re1 Bg4 8. h3 Bxf3 9. Bxf3 0-0 10. Be3 Qc8 11. Kh2 Rb8 12. c3 b6 13. Nd2 Nd7 14. Nb3 Nde5 15. d4 Nxf3+ 16. Qxf3 f5 17. Rf1 fxe4 18. Qxe4 Qd7 19. Rad1 Qb7 20. dxc5 bxc5 21. Rd2 Ne5 22. Qxb7 Rxb7 23. f4 Nc4 24. Re2 Nxe3 25. Rxe3 e5 26. Rf2 exf4 27. gxf4 Bh6 28. Ref3 Rbf7 29. Kg3 Re8 30. Nd2 Rb7 31. Nc4 Reb8 32. Nxd6 Rxb2 33. Rxb2 Rxb2 34. Rf2 Rxf2 35. Kxf2 Bxf4 36. Nb7 Be5 37. Nxc5 Bxc3 38. Ke3 Kf7 39. Kf4 h6 40. Kg4 Ke7 41. Kf3 Bg7 42. Nd3 Ke6 43. Ke2 g5 44. Nc1 Kd5 45. Kd3 h5 46. Ne2 Be5 47. Ng1 g4 48. hxg4 hxg4 49. Ne2 Kc5 50. Kc2 Kb4 51. Kb1 Kc4 52. Kc2 Kb4 53. Kb1 g3 54. Ng1 g2 0-1

[Event "Sinnai Cup 15th"]
[Site "Sinnai"]
[Date "2012.11.18"]
[Round "3"]
[White "Arrigo, Andrea"]
[Black "Toniolo, Massimo"]
[Result "1-0"]
[WhiteElo "1546"]
[BlackElo "1738"]
[PlyCount "95"]
[EventDate "2012.11.17"]
[EventType "swiss"]
[EventRounds "6"]
[EventCountry "ITA"]
[SourceTitle "EXT 2024"]
[Source "ChessBase"]
[SourceDate "2023.10.10"]
[SourceVersion "1"]
[SourceVersionDate "2023.10.10"]
[SourceQuality "1"]

1. Nf3 d5 2. c4 Nf6 3. d4 e6 4. Nc3 c5 5. Bg5 cxd4 6. Qxd4 Nc6 7. Qd2 Bb4 8. cxd5 Qxd5 9. Bxf6 Qxd2+ 10. Nxd2 gxf6 11. Nce4 Ke7 12. a3 Ba5 13. b4 Bb6 14. e3 Bd7 15. Nc4 Bc7 16. Nc5 Bc8 17. Be2 b6 18. Nb3 b5 19. Ncd2 Be5 20. Ra2 a6 21. Bf3 Bd7 22. Nc5 Ra7 23. Nxd7 Kxd7 24. 0-0 Rc7 25. Ne4 Ke7 26. Rc1 Na7 27. Rxc7+ Bxc7 28. Rd2 Rd8 29. Rc2 Bb6 30. Nc5 a5 31. bxa5 Bxa5 32. Nb7 Rd2 33. Rxd2 Bxd2 34. Bd1 Kd7 35. Nc5+ Ke7 36. Kf1 f5 37. Ke2 Bc1 38. a4 b4 39. Kd3 Nc6 40. Kc4 Ba3 41. Nd3 Kd6 42. Bf3 Ne5+ 43. Nxe5 Kxe5 44. a5 Kd6 45. a6 b3 46. a7 b2 47. a8Q b1Q 48. Qd8+ 1-0

[Event "Sinnai Cup 15th"]
[Site "Sinnai"]
[Date "2012.11.17"]
[Round "1"]
[White "Arrigo, Andrea"]
[Black "Palmieri, Roberto N"]
[Result "1-0"]
[WhiteElo "1546"]
[BlackElo "1865"]
[PlyCount "75"]
[EventDate "2012.11.17"]
[EventType "swiss"]
[EventRounds "6"]
[EventCountry "ITA"]
[SourceTitle "EXT 2024"]
[Source "ChessBase"]
[SourceDate "2023.10.10"]
[SourceVersion "1"]
[SourceVersionDate "2023.10.10"]
[SourceQuality "1"]

1. Nf3 d5 2. d4 Bf5 3. c4 c6 4. Nc3 Nf6 5. Bg5 Nbd7 6. e3 h6 7. Bh4 e6 8. cxd5 exd5 9. Qb3 Qc7 10. Rc1 Bd6 11. Be2 0-0 12. 0-0 a6 13. Bxf6 Nxf6 14. Bd1 Rfe8 15. h3 Qe7 16. Bc2 Ne4 17. Nxe4 dxe4 18. Nd2 Qg5 19. f4 Qg3 20. Kh1 Re6 21. Rg1 Rae8 22. Qxb7 g5 23. Nf1 Qh4 24. Bb3 Rf6 25. Qxc6 Rc8 26. Qxc8+ Bxc8 27. Rxc8+ Kg7 28. Nd2 gxf4 29. Nxe4 Rg6 30. Nxd6 Rxd6 31. Rc7 fxe3 32. Rxf7+ Kg6 33. Rgf1 Qe4 34. R7f4 Qd3 35. Rg4+ Kh7 36. Rf7+ Kh8 37. Rf8+ Kh7 38. Bg8+ 1-0